<?xml version="1.0" encoding="UTF-8"?>
<record
    xmlns:xsi="http://www.w3.org/2001/XMLSchema-instance"
    xsi:schemaLocation="http://www.loc.gov/MARC21/slim http://www.loc.gov/standards/marcxml/schema/MARC21slim.xsd"
    xmlns="http://www.loc.gov/MARC21/slim">

  <leader>01634nam a22002897a 4500</leader>
  <controlfield tag="005">20170124102927.0</controlfield>
  <datafield tag="010" ind1=" " ind2=" ">
    <subfield code="a">A-440256</subfield>
  </datafield>
  <datafield tag="020" ind1=" " ind2=" ">
    <subfield code="c">210.00</subfield>
  </datafield>
  <datafield tag="035" ind1=" " ind2=" ">
    <subfield code="a">A-440256</subfield>
  </datafield>
  <datafield tag="037" ind1=" " ind2=" ">
    <subfield code="b">Cen Lib/Ret</subfield>
  </datafield>
  <datafield tag="040" ind1=" " ind2=" ">
    <subfield code="a">DPL</subfield>
    <subfield code="b">HN</subfield>
  </datafield>
  <datafield tag="082" ind1=" " ind2=" ">
    <subfield code="a">409.54</subfield>
    <subfield code="b">&#x92D;&#x93E;&#x930;&#x924;&#x940;&#x92F; </subfield>
  </datafield>
  <datafield tag="245" ind1=" " ind2=" ">
    <subfield code="a">&#x92D;&#x93E;&#x930;&#x924;&#x940;&#x92F; &#x92D;&#x93E;&#x937;&#x93E;&#x913;&#x902; &#x92A;&#x930; &#x92D;&#x93E;&#x937;&#x93E;&#x935;&#x948;&#x91C;&#x94D;&#x91E;&#x93E;&#x928;&#x93F;&#x915; &#x936;&#x94B;&#x927; &#x915;&#x940; &#x935;&#x930;&#x94D;&#x917;&#x940;&#x915;&#x943;&#x924;  &#x930;&#x93E;&#x91C;&#x94D;&#x92F; &#x917;&#x94D;&#x930;&#x928;&#x94D;&#x925; &#x938;&#x942;&#x91A;&#x940; /</subfield>
    <subfield code="c">&#x938;&#x902;&#x92A;&#x93E;&#x926;&#x915; &#x939;&#x902;&#x938;&#x930;&#x93E;&#x91C; &#x926;&#x941;&#x906;, &#x91C;&#x917;&#x926;&#x940;&#x936; &#x91A;&#x928;&#x94D;&#x926;&#x94D;&#x930; [&#x90F;&#x935;&#x902;] &#x938;&#x941;&#x927;&#x940;&#x930; &#x915;&#x941;&#x92E;&#x93E;&#x930; &#x92E;&#x93E;&#x925;&#x941;&#x930; </subfield>
  </datafield>
  <datafield tag="246" ind1=" " ind2=" ">
    <subfield code="a">Bhartiye bhashaon par bhashavegyanik shodh ki vargikrit rajye granthsoochi /</subfield>
    <subfield code="b">sampadak Hansraj Dua, Jagdish Chandra Sharma [and] Sudhir Kumar Mathur </subfield>
  </datafield>
  <datafield tag="260" ind1=" " ind2=" ">
    <subfield code="a">&#x92E;&#x948;&#x938;&#x942;&#x930; </subfield>
    <subfield code="b">&#x92D;&#x93E;&#x930;&#x924;&#x940;&#x92F; &#x92D;&#x937;&#x93E; &#x938;&#x902;&#x938;&#x925;&#x93E;&#x928; </subfield>
    <subfield code="c">1983</subfield>
  </datafield>
  <datafield tag="270" ind1=" " ind2=" ">
    <subfield code="a">&#x92E;&#x902;&#x938;&#x902;&#x917;&#x94D;&#x917;&#x94B;&#x924;&#x94D;&#x930;&#x940; </subfield>
    <subfield code="b">&#x92E;&#x948;&#x938;&#x942;&#x930; </subfield>
    <subfield code="e">570006</subfield>
  </datafield>
  <datafield tag="300" ind1=" " ind2=" ">
    <subfield code="a">xlii,540&#x92A;&#x943;. </subfield>
    <subfield code="c">24&#x938;&#x947;&#x92E;&#x940;(&#x938;&#x91C;&#x93F;&#x932;&#x94D;&#x926;)</subfield>
  </datafield>
  <datafield tag="490" ind1=" " ind2=" ">
    <subfield code="a">&#x92D;&#x93E;&#x930;&#x924;&#x940;&#x92F; &#x92D;&#x93E;&#x937;&#x93E; &#x938;&#x902;&#x938;&#x925;&#x93E;&#x928; &#x92A;&#x94D;&#x930;&#x932;&#x947;&#x916; &#x917;&#x94D;&#x930;&#x902;&#x925;&#x92E;&#x93E;&#x932;&#x93E; </subfield>
    <subfield code="v">5</subfield>
  </datafield>
  <datafield tag="650" ind1=" " ind2=" ">
    <subfield code="a">&#x907;&#x924;&#x93F;&#x939;&#x93E;&#x938;&#x93F;&#x915; &#x92D;&#x93E;&#x937;&#x93E;&#x935;&#x93F;&#x91C;&#x94D;&#x91E;&#x93E;&#x928;</subfield>
    <subfield code="9">43976</subfield>
  </datafield>
  <datafield tag="650" ind1=" " ind2=" ">
    <subfield code="a">&#x92D;&#x93E;&#x937;&#x93E;&#x935;&#x93F;&#x91C;&#x94D;&#x91E;&#x93E;&#x928; -- &#x907;&#x924;&#x93F;&#x939;&#x93E;&#x938; </subfield>
    <subfield code="9">5755</subfield>
  </datafield>
  <datafield tag="650" ind1=" " ind2=" ">
    <subfield code="a">Historical linguistics</subfield>
    <subfield code="9">43977</subfield>
  </datafield>
  <datafield tag="650" ind1=" " ind2=" ">
    <subfield code="a">Linguistics -- History </subfield>
    <subfield code="9">43978</subfield>
  </datafield>
  <datafield tag="700" ind1=" " ind2=" ">
    <subfield code="a">  &#x926;&#x941;&#x906;, &#x939;&#x902;&#x938;&#x930;&#x93E;&#x91C; </subfield>
    <subfield code="9">43260</subfield>
  </datafield>
  <datafield tag="700" ind1=" " ind2=" ">
    <subfield code="a">&#x91A;&#x928;&#x94D;&#x926;&#x94D;&#x930;, &#x91C;&#x917;&#x926;&#x940;&#x936; </subfield>
    <subfield code="9">43971</subfield>
  </datafield>
  <datafield tag="700" ind1=" " ind2=" ">
    <subfield code="a">&#x92E;&#x93E;&#x925;&#x941;&#x930;, &#x938;&#x941;&#x927;&#x940;&#x930; &#x915;&#x941;&#x92E;&#x93E;&#x930; </subfield>
    <subfield code="9">43972</subfield>
  </datafield>
  <datafield tag="942" ind1=" " ind2=" ">
    <subfield code="2">ddc</subfield>
    <subfield code="c">HN</subfield>
    <subfield code="h">409.54</subfield>
    <subfield code="m">&#x92D;&#x93E;&#x930;&#x924;&#x940;&#x92F; </subfield>
  </datafield>
  <datafield tag="999" ind1=" " ind2=" ">
    <subfield code="c">111662</subfield>
    <subfield code="d">111662</subfield>
  </datafield>
  <datafield tag="952" ind1=" " ind2=" ">
    <subfield code="0">0</subfield>
    <subfield code="1">0</subfield>
    <subfield code="4">0</subfield>
    <subfield code="7">1</subfield>
    <subfield code="8">REF</subfield>
    <subfield code="a">L</subfield>
    <subfield code="b">L</subfield>
    <subfield code="d">2015-08-04</subfield>
    <subfield code="e">Cen Lib/Ret</subfield>
    <subfield code="g">210.00</subfield>
    <subfield code="l">0</subfield>
    <subfield code="o">409.54 &#x92D;&#x93E;&#x930;&#x924;&#x940;&#x92F;</subfield>
    <subfield code="p">A-440256</subfield>
    <subfield code="r">2015-08-04 00:00:00</subfield>
    <subfield code="t">1</subfield>
    <subfield code="v">210.00</subfield>
    <subfield code="w">2015-08-04</subfield>
    <subfield code="y">HN</subfield>
  </datafield>
</record>
